Land Law and Conveyancing (Record no. 861)

MARC details
000 -LEADER
fixed length control field 00369nam a22001337a 4500
008 - FIXED-LENGTH DATA ELEMENTS--GENERAL INFORMATION
fixed length control field 230608b xxu||||| |||| 00| 0 eng d
020 ## - INTERNATIONAL STANDARD BOOK NUMBER
International Standard Book Number 9966031847
082 ## - DEWEY DECIMAL CLASSIFICATION NUMBER
Classification number 346.0438
Item number OSI
100 ## - MAIN ENTRY--PERSONAL NAME
Titles and words associated with a name Prof. Tom Ojienda, SC
245 ## - TITLE STATEMENT
Title Land Law and Conveyancing
Remainder of title Principles and practice
260 ## - PUBLICATION, DISTRIBUTION, ETC. (IMPRINT)
Place of publication, distribution, etc. Nairobi, kenya
Name of publisher, distributor, etc. Law Africa publishing ltd
300 ## - PHYSICAL DESCRIPTION
Extent 274p
942 ## - ADDED ENTRY ELEMENTS (KOHA)
Source of classification or shelving scheme Dewey Decimal Classification
Koha item type Books
Holdings
Withdrawn status Lost status Source of classification or shelving scheme Damaged status Not for loan Home library Current library Date acquired Total Checkouts Full call number Barcode Date last seen Price effective from Koha item type
    Dewey Decimal Classification     Bunge Tower Library Bunge Tower Library 06/08/2023   346.0438 OSI 20220105 06/08/2023 06/08/2023 Books
    Dewey Decimal Classification     Bunge Tower Library Bunge Tower Library 06/08/2023   346.0438 OSI 20220101 06/08/2023 06/08/2023 Books
    Dewey Decimal Classification     Bunge Tower Library Bunge Tower Library 06/08/2023   346.0438 OSI 20220103 06/08/2023 06/08/2023 Books
    Dewey Decimal Classification     Bunge Tower Library Bunge Tower Library 06/08/2023   346.0438 OSI 20220102 06/08/2023 06/08/2023 Books
    Dewey Decimal Classification     Bunge Tower Library Bunge Tower Library 06/21/2023   346.0438 OSI 20220104 06/21/2023 06/21/2023 Books
LIBRARY OPENING HOURS

When the Parliament is sitting: 8.00a.m - 7.00p.m or until the house adjourns
Mondays and Fridays and when the House is on Recess:  8.00a.m - 5.00p.m
Closed on Weekends and Public Holidays

Online Public Access Catalog (OPAC)
Website: http://www.parliament.go.ke
Bunge Library: https://libraryir.parliament.go.ke
Contact: library@parliament.go.ke | Tel no: (254-2)2221291 or 2848000 Ext 5043